| 000 | 00677cam a2200205 4500 | ||
|---|---|---|---|
| 001 | 86 | ||
| 005 | 20181127160339.0 | ||
| 008 | 991021s2000 enk b 001 0 eng | ||
| 010 | _a 99056114 | ||
| 020 | _a0199240183 (alk. paper) | ||
| 041 | 1 |
_aeng _hlat |
|
| 100 | 1 | _aCicero, Marcus Tullius. | |
| 240 | 1 | 0 |
_aDe officiis. _lEnglish |
| 245 | 1 | 0 |
_aOn obligations / _cCicero ; translated with an introduction and notes by P.G. Walsh. |
| 260 |
_aOxford ; _aNew York : _bOxford University Press, _c2000. |
||
| 300 |
_alx, 218 p. ; _c23 cm. |
||
| 504 | _aIncludes bibliographical references and index. | ||
| 650 | 0 |
_aEthics _vEarly works to 1800. |
|
| 700 | 1 |
_aWalsh, P. G. _q(Patrick Gerard) |
|
| 999 |
_c73 _d73 |
||